Garanční osobní účty účasti na prosperitě.
Finančné zainteresovanie zamestnancov na priaznivom výsledku hospodárenia podniku, ale aj na podnikateľskom riziku prostredníctvom garančných osobných účtov účasti na prosperite. Zúčtovanie osobných zásluh a zavinenia. Organizačné predpoklady. Spôsoby stanovenia účasti na prosperite.
Saved in:
| Main Author: | |
|---|---|
| Format: | Book Chapter |
| Language: | Czech |
| Subjects: | |
| Tags: |
No Tags, Be the first to tag this record!
|
MARC
| LEADER | 00000naa a2200000 4500 | ||
|---|---|---|---|
| 001 | r011363 | ||
| 005 | 20220826092535.8 | ||
| 041 | 0 | |a cze | |
| 044 | |a [CS] | ||
| 245 | 1 | 0 | |a Garanční osobní účty účasti na prosperitě. |c Zdeněk Kačenka |
| 520 | |a Finančné zainteresovanie zamestnancov na priaznivom výsledku hospodárenia podniku, ale aj na podnikateľskom riziku prostredníctvom garančných osobných účtov účasti na prosperite. Zúčtovanie osobných zásluh a zavinenia. Organizačné predpoklady. Spôsoby stanovenia účasti na prosperite. | ||
| 610 | 2 | 0 | |a zainteresovanosť hmotná |
| 610 | 2 | 0 | |a zainteresovanosť osobná |
| 610 | 2 | 0 | |a účty |
| 610 | 2 | 0 | |a mzdy |
| 610 | 2 | 0 | |a podiely na výsledkoch hospodárskych |
| 610 | 2 | 0 | |a riziko |
| 610 | 2 | 0 | |a podiely na zisku |
| 100 | 1 | |a Kačenka, Zdeněk | |